| 000 | 00839nam a2200217 a 4500 | ||
|---|---|---|---|
| 001 | 000022526 | ||
| 005 | 20240313114128.0 | ||
| 008 | 101012s1996 dr a 000 0 spa d | ||
| 020 | _a9803170961 | ||
| 040 |
_aDO-SdBNP _bspa _cBNPHU |
||
| 082 |
_a307.76 _bC581c |
||
| 245 | 0 | 0 |
_aCiudades del Caribe en el umbral del nuevo siglo / _cAlejandro Portes, Carlos Dore Cabral ; prólogo Bryan Roberts. |
| 260 |
_a[Santo Domingo]: Caracas, Venezuela : _bFLACSO, Nueva Sociedad, _c1996. |
||
| 300 |
_a262 p. : _bil., map. ; _c24 cm. |
||
| 590 | _aInventariado,2018/DG | ||
| 650 | 4 |
_aCiudades y pueblos _zCaribe, Región _xHistoria _946377 |
|
| 650 | 4 |
_aUrbanización _zCaribe (Región{Rpara} _xHistoria _946378 |
|
| 700 | 1 | 2 |
_aPortes, Alejandro _ecoor. _9288 |
| 700 | 1 | 2 |
_aDore y Cabral, Carlos _ecoor. _96975 |
| 910 | _aValidado. Control de calidad MFF | ||
| 999 |
_c22024 _d22024 |
||